| 000 | 01035nam a22002537a 4500 | ||
|---|---|---|---|
| 005 | 20240530110525.0 | ||
| 008 | 160229s2012 ua g b 000 0 ara d | ||
| 017 |
_a2012/23459 _bمصر . دار الكتب المصرية |
||
| 020 | _a978977431262 | ||
| 040 | _aEG-CaGPL | ||
| 082 | 0 | 4 |
_221 _a658.312404\ _bم ق |
| 100 | 0 | _aمحمود عبداللطيف موسى | |
| 245 | 1 | 0 |
_aقياس العائد من الاستتثمار فى التدريب الادارى فى ضوء معايير الجودة الشاملة / _cتاليف محمود عبداللطيف موسى |
| 250 | _aط1 | ||
| 260 |
_aالقاهرة : _bمؤسسة طيبة للنشر و التوزيع ، _c2012 . |
||
| 300 |
_a214 ص ؛ _c24 سم . |
||
| 504 | _aيشتمل على ارجاعات ببليوجرافية | ||
| 650 | 0 | 4 | _aالتدريب الادارى |
| 650 | 0 | 4 | _aالدورات التدريبية |
| 650 | 0 | 4 | _aتقييم الاداء |
| 650 | 0 | 4 | _aالاستثمار |
| 942 |
_2ddc _cBK |
||
| 999 |
_c61967 _d61967 |
||